| 000 | 01494nam0a22003251 4500 | ||
|---|---|---|---|
| 001 | v19\rc\1467431 | ||
| 005 | 20060620110917.5 | ||
| 035 | _a(NLR Aleph) 004603690 | ||
| 090 |
_a2819830 _c2819830 |
||
| 100 | _a20060620g18811883|||y0rusy50 ca | ||
| 101 | 0 | _arus | |
| 102 | _aRU | ||
| 105 | _ay z ||||| | ||
| 200 | 1 |
_aСобрание арифметических задач и примеров для письменного вычисления _fСост. Александром Вороновым. Ч. 1-2 |
|
| 205 | _a3-е изд. Ч. 1-2 | ||
| 210 |
_aСанкт-Петербург _cтип. В.П. Воленса _d1881-1883 _gБезобразов и К° _gБезобразов и К° |
||
| 215 |
_a2 т. _d21 |
||
| 300 | _aЧ. 2-я 1-го изд. и изд. 2-е и 3-е напеч. в тип. Безобразова и К°, с 4-го изд. - издатель Д.Д. Полубояринов | ||
| 327 | 1 | _aСодерж.: Ч. 1. Целые числа; Ч. 2. Дроби и тройные правила | |
| 464 | 0 |
_12001#$aЦелые числа$aДроби и тройные правила _tДроби и тройные правила |
|
| 700 | 1 |
_aВоронов _bА. Г. _f1843-1913 _gАлександр Григорьевич _4220 |
|
| 801 | 0 |
_aRU _bNLR _gpsbo |
|
| 801 | 0 |
_aRU _bRuMoRGB _2psbo |
|
| 801 | 1 |
_aRU _bProSoft-M _2rusmarc |
|
| 852 |
_aNLR _j18.162.4.78 |
||
| 899 |
_aRuMoRGB _jA 160/83 |
||
| 899 | _aБАН | ||
| 899 | _aНБ СПбГУ | ||
| 942 | _cBOOK | ||
| 980 | _aNB | ||